000 00382nam a2200133Ia 4500
005 20251222144906.0
008 251222s9999||||xx |||||||||||||| ||spa||
020 _a978-9972-234-62-0
082 _a657.98/A69
100 _aArevalo Mogollón, Jorge
245 0 _aTratamiento Contable y Tributario para Asociaciones sin Fines de Lucro
264 _bInstituto Pacífico
942 _cLIB
999 _c22168
_d22168